What is typography? / (Record no. 353792)
[ view plain ]
| 000 -LEADER | |
|---|---|
| fixed length control field | 01885nam a2200265 a 4500 |
| 001 - CONTROL NUMBER | |
| control field | ASIN2888931036 |
| 003 - CONTROL NUMBER IDENTIFIER | |
| control field | OSt |
| 005 - DATE AND TIME OF LATEST TRANSACTION | |
| control field | 20180116192418.0 |
| 008 - FIXED-LENGTH DATA ELEMENTS--GENERAL INFORMATION | |
| fixed length control field | 130805s2009 xxu eng d |
| 020 ## - INTERNATIONAL STANDARD BOOK NUMBER | |
| International Standard Book Number | 2888931036 (paperback) |
| 020 ## - INTERNATIONAL STANDARD BOOK NUMBER | |
| International Standard Book Number | 9782888931034 (paperback) |
| 040 ## - CATALOGING SOURCE | |
| Transcribing agency | 00 |
| 050 04 - LIBRARY OF CONGRESS CALL NUMBER | |
| Classification number | Z246 |
| 082 04 - DEWEY DECIMAL CLASSIFICATION NUMBER | |
| Classification number | 686.22 |
| 100 1# - MAIN ENTRY--PERSONAL NAME | |
| Personal name | Jury, David. |
| 9 (RLIN) | 6936 |
| 245 10 - TITLE STATEMENT | |
| Title | What is typography? / |
| Statement of responsibility, etc. | David Jury. |
| 260 ## - PUBLICATION, DISTRIBUTION, ETC. | |
| Place of publication, distribution, etc. | : |
| Name of publisher, distributor, etc. | Rotovision, |
| Date of publication, distribution, etc. | 2006. |
| 300 ## - PHYSICAL DESCRIPTION | |
| Extent | 256 p. ; |
| Dimensions | 22 cm. |
| 520 ## - SUMMARY, ETC. | |
| Summary, etc. | Following the huge success of the Essential Design Handbooks series, What is Typography? is the ultimate compact guide to the discipline that lies at the epicenter of design and communication. This unparalleled handbook explores the formal structures and acceptable variations of type as fundamental disseminators of information. It also uncovers the various ways in which typographers, as well as linguists, psychologists, philosophers, and information designers, have applied studies in this area. What is Typography? breaks down the anatomy of typography to explore tools and processes, methods of organizing the mechanics of type, and the various means of arranging and displaying type. It also looks at how different media, and consequent reproduction processes, underpin every aspect of typographic design. Beyond academic analysis of the subject, What is Typography? celebrates work from the vanguard of typographic design, showcasing an impressive, eclectic portfolio from the world's foremost practitioners. This book is a key resource for student designers as well as professionals in the field. |
| 650 #0 - SUBJECT ADDED ENTRY--TOPICAL TERM | |
| Topical term or geographic name entry element | Graphic design (Typography) |
| 9 (RLIN) | 6937 |
| 650 #0 - SUBJECT ADDED ENTRY--TOPICAL TERM | |
| Topical term or geographic name entry element | Type and type-founding |
| 9 (RLIN) | 6938 |
| 856 40 - ELECTRONIC LOCATION AND ACCESS | |
| Materials specified | Amazon.com |
| Uniform Resource Identifier | <a href="http://www.amazon.com/exec/obidos/ASIN/2888931036/chopaconline-20">http://www.amazon.com/exec/obidos/ASIN/2888931036/chopaconline-20</a> |
| 942 ## - ADDED ENTRY ELEMENTS (KOHA) | |
| Source of classification or shelving scheme | |
| Koha item type | Book |
| Withdrawn status | Lost status | Source of classification or shelving scheme | Damaged status | Not for loan | Permanent Location | Current Location | Date acquired | Total Checkouts | Total Renewals | Full call number | Barcode | Date last seen | Date last checked out | Cost, replacement price | Price effective from | Koha item type |
|---|---|---|---|---|---|---|---|---|---|---|---|---|---|---|---|---|
| School of Art Design and Architecture (SADA) | School of Art Design and Architecture (SADA) | 06/20/2013 | 3 | 2 | 686.22 JUR 2006 | SADA0002096 | 02/01/2016 | 01/06/2016 | 2079.67 | 08/16/2013 | Book |
